Σύγχρονες Χώρες της Βυζαντινής Αυτοκρατορίας με Χάρτη - Statistics

General Stats
  • This quiz has been taken 35 times
  • The average score is 24 of 36
Answers on the Map
Answers color-coded by a green-red scale on the quiz's map according to % correct below.
 
Answer Stats
Χώρες % Correct
Ελλάδα
92%
Ιταλία
92%
Αλβανία
88%
Βουλγαρία
88%
Βόρεια Μακεδονία
84%
Κροατία
84%
Ρουμανία
80%
Αίγυπτος
76%
Αλγερία
76%
Κόσοβο
76%
Μαυροβούνιο
76%
Τουρκία
76%
Βοσνία και Ερζεγοβίνη
72%
Λιβύη
72%
Μαρόκο
72%
Σερβία
72%
Ισπανία
68%
Λίβανος
68%
Σλοβενία
68%
Συρία
68%
Τυνησία
68%
Γαλλία
64%
Ιορδανία
64%
Ισραήλ
64%
Ιράκ
60%
Άγιος Μαρίνος
56%
Βατικανό
56%
Γεωργία
56%
Κύπρος
56%
Μονακό
56%
Ελβετία
48%
Ρωσία
48%
Ουκρανία
44%
Πορτογαλία
40%
Σαουδική Αραβία
40%
Μάλτα
28%
No matching quizzes found
Score Distribution
Percent of People with Each Score
Percentile by Number Answered
Your Score History
You have not taken this quiz